[Event "Pardubice Open A"]
[Site "?"]
[Date "2015.07.30"]
[Round "7.5"]
[White "KONONENKO, Dmitry"]
[Black "KOVALEV, Andrei"]
[Result "1/2-1/2"]
[WhiteElo "2617"]
[BlackElo "2491"]
[PlyCount "45"]
[EventDate "2015.??.??"]
[WhiteClock "0:22:15"]
[BlackClock "0:32:36"]

1. e4 d6 2. d4 Nf6 3. Nc3 g6 4. Bg5 Bg7 5. Qd2 h6 6. Bh4 g5 7. Bg3 Nh5 8. O-O-O
Nd7 9. Kb1 c5 10. Nge2 a6 11. Nd5 cxd4 12. Nxd4 Ndf6 13. Nxf6+ Bxf6 14. Be2
Nxg3 15. hxg3 Qb6 16. f4 gxf4 17. gxf4 Bd7 18. c3 O-O-O 19. Qe3 Kb8 20. Nf5
Qxe3 21. Nxe3 Bc6 22. Bf3 h5 23. Nd5 1/2-1/2

[Event "Pardubice Open A"]
[Site "?"]
[Date "2015.07.30"]
[Round "7.6"]
[White "JANSA, Vlastimil"]
[Black "PIORUN, Kacper"]
[Result "1/2-1/2"]
[WhiteElo "2457"]
[BlackElo "2591"]
[PlyCount "164"]
[EventDate "2015.??.??"]
[WhiteClock "0:06:51"]
[BlackClock "0:15:52"]

1. e4 c5 2. Nf3 e6 3. Nc3 Nc6 4. d4 cxd4 5. Nxd4 Qc7 6. g3 a6 7. Bg2 h5 8. Nxc6
bxc6 9. b3 h4 10. Bb2 e5 11. Qe2 Nf6 12. Na4 Bb4+ 13. c3 Be7 14. c4 Qa5+ 15.
Bc3 Bb4 16. Rc1 Bxc3+ 17. Rxc3 c5 18. O-O hxg3 19. hxg3 Bb7 20. Rd3 Bc6 21. Nc3
Qd8 22. f4 Nh5 23. fxe5 Qg5 24. Qe3 Qxe5 25. Rf5 Qe6 26. Qxc5 Qh6 27. Qe3 Qxe3+
28. Rxe3 g6 29. Rf2 Ng7 30. Nd5 Ne6 31. Rd3 a5 32. e5 Ra7 33. Rfd2 Nc5 34. Nf6+
Ke7 35. Rd6 Rc8 36. Rf2 Kf8 37. Nh7+ Kg8 38. Ng5 Bxg2 39. Kxg2 Rf8 40. Rfd2 Rc7
41. R2d4 Re8 42. R6d5 Kg7 43. Ne4 Nxe4 44. Rxe4 Ra8 45. Red4 Raa7 46. Rb5 Kf8
47. a4 Ra8 48. Rdd5 Rca7 49. Kf3 Ke7 50. Ke4 Ke8 51. Rd6 Ke7 52. Rdd5 Ke8 53.
Rb6 Ke7 54. Rdb5 Rh8 55. Rb7 Rxb7 56. Rxb7 Rh3 57. Kf4 Rh1 58. Rb5 Rb1 59. Ke4
Ke6 60. Kd4 Rd1+ 61. Kc3 Rg1 62. Rxa5 Rxg3+ 63. Kb4 Rg1 64. Rd5 g5 65. a5 Ra1
66. Kb5 Ra3 67. b4 g4 68. a6 g3 69. Kb6 Ra1 70. Rd2 Kxe5 71. Rg2 Kf4 72. a7 f5
73. b5 Kg4 74. c5 f4 75. c6 dxc6 76. bxc6 f3 77. c7 Rb1+ 78. Ka5 Rc1 79. Ra2 f2
80. a8=Q f1=Q 81. c8=Q+ Rxc8 82. Qxc8+ Qf5+ 1/2-1/2

[Event "Pardubice Open A"]
[Site "?"]
[Date "2015.07.30"]
[Round "7.7"]
[White "MESKOVS, Nikita"]
[Black "VOROBIOV, Evgeny E"]
[Result "0-1"]
[WhiteElo "2457"]
[BlackElo "2582"]
[PlyCount "114"]
[EventDate "2015.??.??"]
[WhiteClock "0:24:20"]
[BlackClock "0:25:29"]

1. d4 Nf6 2. c4 g6 3. Nf3 Bg7 4. g3 c5 5. Bg2 cxd4 6. Nxd4 Nc6 7. O-O O-O 8.
Nc3 Nxd4 9. Qxd4 d6 10. Qd2 Be6 11. Bxb7 Rb8 12. Bg2 Bxc4 13. b3 Ba6 14. Bb2
Bb7 15. e4 Qa5 16. Rad1 Rfc8 17. Rfe1 Rc7 18. Nd5 Qxd2 19. Nxf6+ Bxf6 20. Rxd2
Bxb2 21. Rxb2 Rbc8 22. f4 Rc2 23. Re2 Rc1+ 24. Kf2 Kf8 25. b4 e5 26. Red2 Ke7
27. a4 R8c4 28. fxe5 dxe5 29. a5 Bxe4 30. Bxe4 Rxe4 31. b5 Rc7 32. b6 axb6 33.
axb6 Rb7 34. Re2 Rxe2+ 35. Kxe2 Kd6 36. Ke3 f6 37. g4 Kc5 38. Rc2+ Kxb6 39. Rf2
Rf7 40. Ke4 Kc6 41. g5 Kd6 42. gxf6 Ke6 43. Ra2 Kxf6 44. Rf2+ Ke6 45. Rxf7 Kxf7
46. Kxe5 Ke7 47. Kf4 Kf6 48. Ke4 Kg5 49. Kf3 Kh4 50. Kg2 Kg4 51. Kf2 Kh3 52.
Kg1 g5 53. Kh1 g4 54. Kg1 h6 55. Kh1 h5 56. Kg1 h4 57. Kh1 g3 0-1

[Event "Pardubice Open A"]
[Site "?"]
[Date "2015.07.30"]
[Round "7.8"]
[White "LINTCHEVSKI, Daniil"]
[Black "GUTMAN, Gennadi"]
[Result "1/2-1/2"]
[WhiteElo "2574"]
[BlackElo "2468"]
[PlyCount "75"]
[EventDate "2015.??.??"]
[WhiteClock "0:11:44"]
[BlackClock "0:02:01"]

1. d4 Nf6 2. c4 Nc6 3. Nf3 e6 4. g3 Bb4+ 5. Bd2 Qe7 6. Nc3 d6 7. Bg2 Bxc3 8.
Bxc3 Ne4 9. Qc2 Nxc3 10. Qxc3 e5 11. d5 Nd8 12. c5 O-O 13. Rc1 f5 14. O-O Nf7
15. Nd2 b6 16. cxd6 cxd6 17. Qa3 f4 18. Rc6 Bg4 19. Re1 Rad8 20. Ne4 Bf5 21.
Rc4 Bxe4 22. Rxe4 Qf6 23. Rf1 Rd7 24. Ra4 Rc7 25. Rxa7 Rc2 26. Be4 Rxe2 27.
Bxh7+ Kh8 28. Bd3 Rd2 29. Ra8 Ng5 30. Rxf8+ Qxf8 31. Bg6 f3 32. Qb4 Nh3+ 33.
Kh1 Nxf2+ 34. Kg1 Nh3+ 35. Kh1 Nf2+ 36. Kg1 Nh3+ 37. Kh1 Nf2+ 38. Kg1 1/2-1/2

[Event "Pardubice Open A"]
[Site "?"]
[Date "2015.07.30"]
[Round "7.9"]
[White "GOLUBOV, Saveliy"]
[Black "JAKUBOWSKI, Krzysztof"]
[Result "1/2-1/2"]
[WhiteElo "2446"]
[BlackElo "2565"]
[PlyCount "127"]
[EventDate "2015.??.??"]
[WhiteClock "0:02:50"]
[BlackClock "0:02:59"]

1. e4 c5 2. Nf3 d6 3. d4 cxd4 4. Nxd4 Nf6 5. Nc3 a6 6. h3 e6 7. g4 b5 8. Bg2
Bb7 9. g5 Nfd7 10. O-O Nc6 11. Nxc6 Bxc6 12. Bf4 Qc7 13. Qd2 Be7 14. Rad1 b4
15. Ne2 e5 16. Be3 Qb7 17. Ng3 g6 18. f4 exf4 19. Bxf4 Ne5 20. Qd4 Qb5 21. Nh1
O-O 22. Nf2 Rac8 23. Nd3 a5 24. Kh1 Ba8 25. Rf2 Bd8 26. Bxe5 dxe5 27. Qxe5 Qxe5
28. Nxe5 Bxg5 29. b3 Rc3 30. Rd3 Bh4 31. Re2 Rc7 32. Nc4 Bc6 33. e5 Bb5 34. Rd4
Be7 35. Red2 Bg5 36. Re2 Rd8 37. Rxd8+ Bxd8 38. Rd2 Rd7 39. Nd6 Bc7 40. Kh2 Kf8
41. h4 f5 42. Kh3 Ke7 43. Rd5 Be2 44. Kg3 h6 45. Kf4 Bxd6 46. exd6+ Rxd6 47.
Rxa5 Kf6 48. a3 bxa3 49. c4 g5+ 50. hxg5+ hxg5+ 51. Ke3 Bh5 52. Bd5 f4+ 53. Kf2
g4 54. Rxa3 Kg5 55. b4 Rf6 56. c5 f3 57. c6 Kf4 58. Bxf3 gxf3 59. Rc3 Re6 60.
c7 Re2+ 61. Kf1 Bg4 62. c8=Q Bxc8 63. Rxc8 Rb2 64. Rf8+ 1/2-1/2

[Event "Pardubice Open A"]
[Site "?"]
[Date "2015.07.30"]
[Round "7.10"]
[White "KOLOSOWSKI, Mateusz"]
[Black "BORUCHOVSKY, Avital"]
[Result "0-1"]
[WhiteElo "2437"]
[BlackElo "2539"]
[PlyCount "74"]
[EventDate "2015.??.??"]
[WhiteClock "0:03:24"]
[BlackClock "0:07:38"]

1. d4 Nf6 2. c4 e6 3. g3 d5 4. Bg2 dxc4 5. Nf3 Bd7 6. Ne5 Bc6 7. Nxc6 Nxc6 8.
O-O Qd7 9. e3 O-O-O 10. Qa4 Nd5 11. Qxc4 h5 12. Nc3 f5 13. Bd2 h4 14. b4 hxg3
15. fxg3 Bxb4 16. Rab1 g5 17. Rxb4 Ncxb4 18. Rb1 Nc6 19. Qb5 Nb6 20. Na4 Qh7
21. h3 f4 22. Rc1 f3 23. Bf1 Qf5 24. Qxf5 exf5 25. Nc5 Rde8 26. Kf2 g4 27. h4
Nd5 28. Bd3 Rh5 29. Bc4 Nf6 30. Bf7 Rhh8 31. d5 Ne5 32. Bc3 Nxf7 33. Bxf6 Rh6
34. Bd4 Nd6 35. Kg1 Ne4 36. Kh2 Nxc5 37. Rxc5 Rd6 0-1

[Event "Pardubice Open A"]
[Site "?"]
[Date "2015.07.30"]
[Round "7.11"]
[White "SELIVERSTOV, Vladimir"]
[Black "PAP, Gyula"]
[Result "0-1"]
[WhiteElo "2420"]
[BlackElo "2536"]
[PlyCount "106"]
[EventDate "2015.??.??"]
[WhiteClock "0:17:57"]
[BlackClock "0:11:33"]

1. d4 d6 2. Nf3 f5 3. c4 Nf6 4. g3 g6 5. Bg2 Bg7 6. O-O O-O 7. Nc3 c6 8. Qb3
Qb6 9. Qc2 Qc7 10. c5 dxc5 11. Bf4 Qa5 12. Qb3+ Kh8 13. dxc5 Nbd7 14. Ng5 h6
15. Ne6 Nxc5 16. Nxc5 Qxc5 17. Rac1 e5 18. Be3 Qe7 19. Qa4 Ng4 20. Bd2 Rd8 21.
Rfd1 e4 22. Be1 Be6 23. b4 Rxd1 24. Rxd1 Bc4 25. Qc2 Ne5 26. Rb1 Bg8 27. Qc1
Nc4 28. Na4 Rd8 29. Bc3 Kh7 30. Bf1 e3 31. f3 Rd2 32. a3 Bxc3 33. Nxc3 Qf6 34.
f4 Qd4 35. Bg2 Bd5 36. Nxd5 cxd5 37. Bf3 Ra2 38. Kg2 b5 39. Rb3 Ra1 40. Rd3 Qf6
41. Qc2 d4 42. Bd5 g5 43. Rxd4 Ra2 44. fxg5 Rxc2 45. gxf6 Rxe2+ 46. Kf1 Rd2 47.
Rxc4 bxc4 48. Bxc4 Rxh2 49. a4 h5 50. Be6 Kg6 51. f7 Kg7 52. b5 h4 53. gxh4 f4
0-1

[Event "Pardubice Open A"]
[Site "?"]
[Date "2015.07.30"]
[Round "7.12"]
[White "KRYAKVIN, Dmitry"]
[Black "ARAT, Ufuk Sezen"]
[Result "1/2-1/2"]
[WhiteElo "2529"]
[BlackElo "2409"]
[PlyCount "95"]
[EventDate "2015.??.??"]
[WhiteClock "0:27:42"]
[BlackClock "0:04:20"]

1. d4 Nf6 2. c4 g6 3. Nc3 Bg7 4. e4 d6 5. Be2 O-O 6. Bg5 Na6 7. Qd2 Qe8 8. Bd1
e5 9. d5 Bd7 10. Nge2 Nc5 11. Bc2 a5 12. Ng3 Ng4 13. Qe2 f6 14. Bd2 Nh6 15. O-O
f5 16. exf5 gxf5 17. Nh5 f4 18. Nxg7 Kxg7 19. Ne4 Nxe4 20. Bxe4 Bf5 21. f3 Qg6
22. Rae1 b6 23. Kh1 Bxe4 24. fxe4 Kh8 25. Rf3 Nf7 26. Rff1 Rg8 27. g3 fxg3 28.
Rg1 g2+ 29. Rxg2 Qxg2+ 30. Qxg2 Rxg2 31. Kxg2 Rg8+ 32. Kf2 Ng5 33. Bxg5 Rxg5
34. Re3 Rh5 35. h3 Rh4 36. b3 Kg7 37. Rg3+ Kf7 38. Ke3 Rh6 39. a3 Rf6 40. b4
axb4 41. axb4 Rf1 42. Rf3+ Rxf3+ 43. Kxf3 Kf6 44. Kg4 Kg6 45. h4 Kf6 46. Kh5
Kg7 47. Kg5 Kf7 48. Kh6 1/2-1/2

[Event "Pardubice Open A"]
[Site "?"]
[Date "2015.07.30"]
[Round "7.13"]
[White "STEINBERG, Nitzan"]
[Black "POPILSKI, Gil"]
[Result "1/2-1/2"]
[WhiteElo "2435"]
[BlackElo "2519"]
[PlyCount "43"]
[EventDate "2015.??.??"]
[WhiteClock "0:46:27"]
[BlackClock "0:41:25"]

1. e4 e6 2. d4 d5 3. Nc3 Nf6 4. e5 Nfd7 5. f4 c5 6. Nf3 Be7 7. Be3 O-O 8. Qd2
Nc6 9. h4 cxd4 10. Nxd4 Bxh4+ 11. g3 Bxg3+ 12. Kd1 Ndxe5 13. fxe5 Bxe5 14. Nf3
d4 15. Bd3 f5 16. Nxe5 Nxe5 17. Qh2 Nxd3 18. Qxh7+ Kf7 19. Qh5+ Kg8 20. Qh7+
Kf7 21. Qh5+ Kg8 22. Qh7+ 1/2-1/2

[Event "Pardubice Open A"]
[Site "?"]
[Date "2015.07.30"]
[Round "7.14"]
[White "BAGI, Mate"]
[Black "SCHLOSSER, Philipp"]
[Result "1/2-1/2"]
[WhiteElo "2417"]
[BlackElo "2579"]
[PlyCount "78"]
[EventDate "2015.??.??"]
[WhiteClock "0:24:38"]
[BlackClock "0:45:54"]

1. e4 g6 2. d4 Bg7 3. Nc3 d6 4. Bg5 a6 5. a4 Nc6 6. d5 Ne5 7. Be2 Nf6 8. Nf3
Ned7 9. Be3 O-O 10. O-O c6 11. a5 cxd5 12. exd5 b5 13. Nd4 Qc7 14. Nc6 Re8 15.
Bf3 Bb7 16. Bf4 Rac8 17. Na7 Rcd8 18. Nc6 Bxc6 19. dxc6 Ne5 20. Bxe5 dxe5 21.
Qe2 b4 22. Na2 e4 23. Bxe4 Nxe4 24. Qxe4 Rd4 25. Qf3 Rb8 26. c3 bxc3 27. Nxc3
e6 28. Ne4 Rxb2 29. Rac1 Rb8 30. Rc2 Rd5 31. g3 Rf5 32. Qd3 Rxa5 33. Qd7 Be5
34. Rd1 Rc8 35. f4 Rd5 36. Rxd5 exd5 37. fxe5 dxe4 38. Qxc7 Rxc7 39. Kf2 f5
1/2-1/2

[Event "Pardubice Open A"]
[Site "?"]
[Date "2015.07.30"]
[Round "7.15"]
[White "RESHEF, Omer"]
[Black "STOCEK, Jiri"]
[Result "1/2-1/2"]
[WhiteElo "2410"]
[BlackElo "2573"]
[PlyCount "174"]
[EventDate "2015.??.??"]
[WhiteClock "0:41:29"]
[BlackClock "0:28:16"]

1. e4 e6 2. d4 d5 3. exd5 exd5 4. Nf3 Bd6 5. Bd3 Bg4 6. O-O Nc6 7. Nc3 Nge7 8.
Nb5 a6 9. Nxd6+ Qxd6 10. c3 h6 11. Re1 O-O 12. h3 Bh5 13. g4 Bg6 14. Ne5 Bxd3
15. Qxd3 Ng6 16. Nxg6 fxg6 17. f4 Rae8 18. Bd2 Nd8 19. Rxe8 Rxe8 20. Re1 Rxe1+
21. Bxe1 Qxf4 22. Qxg6 Nf7 23. Qe6 c6 24. Kg2 Kh7 25. Bg3 Qf6 26. Qxf6 gxf6 27.
Bf4 Kg6 28. Kf3 f5 29. Be3 fxg4+ 30. hxg4 h5 31. gxh5+ Kxh5 32. Bf4 Nd8 33. Bc1
Ne6 34. Be3 Kh4 35. Bc1 Kh3 36. Bh6 Kh4 37. Bc1 Kh5 38. Be3 Kg6 39. Kg4 Kf6 40.
Bf4 Nf8 41. Bh6 Nd7 42. Bg5+ Ke6 43. Bd8 c5 44. Kf4 cxd4 45. cxd4 Nb8 46. a4
Nc6 47. Bb6 Nb4 48. Ke3 Kf5 49. Bc5 Nc6 50. b4 b5 51. axb5 axb5 52. Kf3 Nd8 53.
Be7 Ne6 54. Bh4 Nxd4+ 55. Ke3 Nc6 56. Kd3 Ke6 57. Be1 Ke5 58. Bg3+ Kf5 59. Be1
Kf4 60. Bc3 Kf5 61. Be1 Ke5 62. Bg3+ Ke6 63. Be1 Ne5+ 64. Ke3 Ng6 65. Kd4 Kd6
66. Bg3+ Ke6 67. Ke3 Ne7 68. Be5 Nf5+ 69. Kf4 Nd6 70. Bxd6 Kxd6 71. Kf5 Kd7 72.
Ke5 Kc6 73. Kf4 Kc7 74. Ke5 Kc6 75. Kf4 Kd6 76. Kf5 d4 77. Ke4 d3 78. Kxd3 Kd5
79. Kd2 Kd4 80. Kc1 Kc3 81. Kb1 Kxb4 82. Kb2 Kc4 83. Kc2 b4 84. Kb2 b3 85. Kb1
Kc3 86. Kc1 b2+ 87. Kb1 Kb3 1/2-1/2

[Event "Pardubice Open A"]
[Site "?"]
[Date "2015.07.30"]
[Round "7.16"]
[White "BURMAKIN, Vladimir"]
[Black "PISCOPO, Pierluigi"]
[Result "1/2-1/2"]
[WhiteElo "2571"]
[BlackElo "2422"]
[PlyCount "64"]
[EventDate "2015.??.??"]
[WhiteClock "0:46:33"]
[BlackClock "0:36:29"]

1. Nf3 Nf6 2. g3 g6 3. b3 d6 4. Bb2 e5 5. c4 Bg7 6. Bg2 O-O 7. O-O Re8 8. Nc3
Nc6 9. d3 Nd4 10. Nd2 c6 11. e3 Ne6 12. Nde4 h5 13. Ba3 Bf8 14. Qd2 Nh7 15. f4
f5 16. Nf2 h4 17. d4 hxg3 18. hxg3 exd4 19. exd4 Qa5 20. Bb2 Bg7 21. d5 Nd4 22.
Rfe1 Bd7 23. Rxe8+ Rxe8 24. Re1 c5 25. Rxe8+ Bxe8 26. Qe3 Bf8 27. g4 Nf6 28.
Bh3 fxg4 29. Nxg4 Nf5 30. Qf3 Nh5 31. Nf2 Qd8 32. Bxf5 gxf5 1/2-1/2

[Event "Pardubice Open A"]
[Site "?"]
[Date "2015.07.30"]
[Round "7.17"]
[White "MOZHAROV, Mikhail"]
[Black "TOMAZINI, Zan"]
[Result "1/2-1/2"]
[WhiteElo "2564"]
[BlackElo "2401"]
[PlyCount "127"]
[EventDate "2015.??.??"]
[WhiteClock "0:55:05"]
[BlackClock "0:03:13"]

1. e4 e5 2. Nf3 Nc6 3. d4 exd4 4. Nxd4 Nf6 5. Nxc6 bxc6 6. e5 Qe7 7. Qe2 Nd5 8.
Nd2 Bb7 9. c4 Nb4 10. Nb3 O-O-O 11. a3 Na6 12. Qe3 Re8 13. f4 f6 14. Be2 fxe5
15. f5 Nc5 16. O-O Nxb3 17. Qxb3 d5 18. cxd5 cxd5 19. Kh1 Qf6 20. Bd2 Bd6 21.
Qa4 e4 22. Be3 Be5 23. Rad1 Rd8 24. Qxa7 d4 25. Bg5 Qb6 26. Qxb6 cxb6 27. Bxd8
Rxd8 28. Bc4 d3 29. b3 Rd6 30. h3 Bg3 31. Kg1 Kb8 32. Rd2 h5 33. Rfd1 h4 34.
Bxd3 exd3 35. Rxd3 Rf6 36. Rd8+ Ka7 37. R8d7 Rxf5 38. Rxg7 Re5 39. Rgd7 Ka6 40.
a4 Bc6 41. R7d2 Ka5 42. Rd4 Re2 43. R4d2 Re7 44. Rd4 Rf7 45. R1d2 Re7 46. Rd1
Re2 47. R4d2 Rxd2 48. Rxd2 Kb4 49. Rd3 Be8 50. Rf3 Bd6 51. Kf1 Bc5 52. g4 Bc6
53. Rf4+ Kxb3 54. g5 Bxa4 55. g6 Bb5+ 56. Ke1 Bb4+ 57. Kd1 Bc3 58. Rxh4 Bc4 59.
Rh7 b5 60. Rb7 b4 61. g7 Be6 62. Re7 Bd5 63. Rd7 Be6 64. Re7 1/2-1/2

[Event "Pardubice Open A"]
[Site "?"]
[Date "2015.07.30"]
[Round "7.18"]
[White "BEN ARTZI, Ido"]
[Black "BABULA, Vlastimil"]
[Result "0-1"]
[WhiteElo "2397"]
[BlackElo "2559"]
[PlyCount "60"]
[EventDate "2015.??.??"]
[WhiteClock "0:00:33"]
[BlackClock "0:01:53"]

1. d4 Nf6 2. c4 e6 3. Nc3 Bb4 4. Qc2 O-O 5. Nf3 d6 6. Bd2 Nbd7 7. a3 Bxc3 8.
Bxc3 Qe7 9. e3 b6 10. Bd3 Bb7 11. O-O e5 12. Nd2 Rfe8 13. b4 e4 14. Be2 Nf8 15.
d5 N8d7 16. Nb3 Ne5 17. Nd4 g6 18. a4 Qf8 19. a5 a6 20. b5 Qh6 21. axb6 cxb6
22. Bb4 Rac8 23. Qb3 axb5 24. Nxb5 Rxc4 25. Bxc4 Nfg4 26. h3 Nf3+ 27. Kh1 Re5
28. Bxd6 Rh5 29. Bh2 Rxh3 30. gxh3 Qxh3 0-1

[Event "Pardubice Open A"]
[Site "?"]
[Date "2015.07.30"]
[Round "7.19"]
[White "PREDKE, Alexandr"]
[Black "MALEK, Daniel"]
[Result "1-0"]
[WhiteElo "2537"]
[BlackElo "2398"]
[PlyCount "69"]
[EventDate "2015.??.??"]
[WhiteClock "0:15:55"]
[BlackClock "0:55:06"]

1. d4 Nf6 2. c4 e6 3. Nc3 Bb4 4. Nf3 b6 5. Bg5 h6 6. Bh4 g5 7. Bg3 Ne4 8. Qc2
Bb7 9. e3 Bxc3+ 10. bxc3 Nxg3 11. fxg3 d6 12. Bd3 Nd7 13. O-O Qe7 14. Nd2 O-O-O
15. Rab1 h5 16. Be4 c6 17. a4 Kc7 18. a5 g4 19. axb6+ axb6 20. c5 dxc5 21. Nc4
Rb8 22. Qf2 f6 23. Rfd1 Ba6 24. Qf4+ e5 25. dxe5 Nxe5 26. Rd6 Bxc4 27. Rxc6+
Kd7 28. Rd1+ Ke8 29. Rxf6 Rd8 30. Rxd8+ Kxd8 31. Rxb6 Nd7 32. Bf5 Ke8 33. Bxd7+
Qxd7 34. Qe5+ Kf7 35. Qf6+ 1-0

[Event "Pardubice Open A"]
[Site "?"]
[Date "2015.07.30"]
[Round "7.20"]
[White "CHERNYSHOV, Konstantin"]
[Black "ZWARDON, Vojtech"]
[Result "0-1"]
[WhiteElo "2529"]
[BlackElo "2397"]
[PlyCount "88"]
[EventDate "2015.??.??"]
[WhiteClock "0:29:43"]
[BlackClock "0:44:30"]

1. d4 Nf6 2. c4 e6 3. g3 c5 4. Nf3 cxd4 5. Nxd4 Qc7 6. b3 e5 7. Nf3 Nc6 8. e3
e4 9. Nd4 Ne5 10. Nc3 a6 11. Bb2 d5 12. cxd5 Bg4 13. Qd2 Bc5 14. Be2 Bxe2 15.
Kxe2 Qd7 16. h3 O-O 17. g4 Rac8 18. Kf1 Bb4 19. a3 Bxc3 20. Bxc3 Nxd5 21. Bb2
f6 22. Rd1 Rfd8 23. Qe2 Nd3 24. Rg1 Qd6 25. Rg3 Nxe3+ 26. Qxe3 Nxb2 27. Rd2
Rc1+ 28. Kg2 Rd1 29. Rxb2 Rxd4 30. b4 Qd5 31. Re2 Rc8 32. Kh2 b5 33. Qf4 Kf7
34. g5 f5 35. Qh4 Kg6 36. Rge3 Qd6+ 37. Kg2 Rc1 38. Re1 Rdd1 39. Rxd1 Qxd1 40.
Kg3 Qg1+ 41. Kf4 Rf1 42. Re2 Qh2+ 43. Ke3 Qe5 44. Rc2 Qd6 0-1

[Event "Pardubice Open A"]
[Site "?"]
[Date "2015.07.30"]
[Round "7.21"]
[White "KREJCI, Jan"]
[Black "GRINBERG, Eyal"]
[Result "1/2-1/2"]
[WhiteElo "2500"]
[BlackElo "2387"]
[PlyCount "33"]
[EventDate "2015.??.??"]
[WhiteClock "0:45:34"]
[BlackClock "0:31:07"]

1. Nf3 d5 2. d4 Nf6 3. c4 c6 4. e3 e6 5. Nbd2 Nbd7 6. Bd3 Bd6 7. O-O O-O 8. e4
dxe4 9. Nxe4 Nxe4 10. Bxe4 h6 11. Bc2 e5 12. Be3 Re8 13. Qb1 exd4 14. Bxd4 Ne5
15. Bxe5 Bxe5 16. Rd1 Qf6 17. Nxe5 1/2-1/2

[Event "Pardubice Open A"]
[Site "?"]
[Date "2015.07.30"]
[Round "7.22"]
[White "POETSCH, Hagen"]
[Black "KOZLITIN, Oleg"]
[Result "1/2-1/2"]
[WhiteElo "2498"]
[BlackElo "2352"]
[PlyCount "42"]
[EventDate "2015.??.??"]
[WhiteClock "0:43:25"]
[BlackClock "0:29:59"]

1. e4 c5 2. Nf3 d6 3. d4 cxd4 4. Nxd4 Nf6 5. Nc3 g6 6. Be3 Bg7 7. Be2 Nc6 8.
Qd2 O-O 9. O-O-O Nxd4 10. Bxd4 Be6 11. g4 Qa5 12. g5 Nd7 13. Bxg7 Kxg7 14. a3
Rfc8 15. f4 Kg8 16. Qe3 Rab8 17. Rhf1 Qc5 18. Rd4 b5 19. f5 gxf5 20. exf5 Bxf5
21. Qd2 e6 1/2-1/2

[Event "Pardubice Open A"]
[Site "?"]
[Date "2015.07.30"]
[Round "7.23"]
[White "HABA, Petr"]
[Black "SKLIAROV, Viktor"]
[Result "1/2-1/2"]
[WhiteElo "2488"]
[BlackElo "2368"]
[PlyCount "51"]
[EventDate "2015.??.??"]
[WhiteClock "0:45:11"]
[BlackClock "0:49:10"]

1. e4 c5 2. Nf3 Nc6 3. d4 cxd4 4. Nxd4 Nf6 5. Nc3 e5 6. Ndb5 d6 7. Bg5 a6 8.
Na3 b5 9. Nd5 Be7 10. Bxf6 Bxf6 11. c3 Bg5 12. Nc2 O-O 13. a4 bxa4 14. Rxa4 a5
15. Bc4 Rb8 16. b3 Kh8 17. Nce3 Ne7 18. O-O Bxe3 19. Nxe3 Bb7 20. Nd5 Bc6 21.
Ra2 Bxd5 22. Bxd5 Rc8 23. Bc4 Qb6 24. Rd2 Rcd8 25. Qe2 f5 26. Qe3 1/2-1/2

[Event "Pardubice Open A"]
[Site "?"]
[Date "2015.07.30"]
[Round "7.24"]
[White "OGANIAN, Miran"]
[Black "LALIC, Bogdan"]
[Result "1/2-1/2"]
[WhiteElo "2370"]
[BlackElo "2480"]
[PlyCount "32"]
[EventDate "2015.??.??"]
[WhiteClock "1:02:29"]
[BlackClock "1:27:39"]

1. d4 Nf6 2. c4 g6 3. Nc3 d5 4. cxd5 Nxd5 5. e4 Nxc3 6. bxc3 Bg7 7. Be3 c5 8.
Qd2 Qa5 9. Rc1 O-O 10. Nf3 Rd8 11. d5 e6 12. Bg5 f6 13. c4 Nc6 14. Qxa5 Nxa5
15. Be3 b6 16. Bd3 f5 1/2-1/2

[Event "Pardubice Open A"]
[Site "?"]
[Date "2015.07.30"]
[Round "7.25"]
[White "AHARON, Ofir"]
[Black "TESKE, Henrik"]
[Result "1/2-1/2"]
[WhiteElo "2355"]
[BlackElo "2475"]
[PlyCount "79"]
[EventDate "2015.??.??"]
[WhiteClock "0:32:28"]
[BlackClock "0:44:41"]

1. e4 c6 2. d4 d5 3. Nd2 h6 4. Ngf3 dxe4 5. Nxe4 Bf5 6. Ng3 Bh7 7. Bd3 Bxd3 8.
Qxd3 Nd7 9. Bd2 Ngf6 10. c4 e6 11. O-O Be7 12. b4 O-O 13. a4 a6 14. Rfe1 Re8
15. Qe2 Bd6 16. Bc3 b5 17. axb5 axb5 18. cxb5 cxb5 19. Qxb5 Rb8 20. Qa6 Bxb4
21. Bxb4 Rxb4 22. Ne5 Nb8 23. Qa7 Rf8 24. Rad1 Qd5 25. Ne2 Qb7 26. Qxb7 Rxb7
27. Rb1 Rc7 28. Rec1 Rxc1+ 29. Rxc1 Na6 30. g3 Nd5 31. Rc6 Nab4 32. Rd6 Rc8 33.
Rd7 Rc7 34. Rxc7 Nxc7 35. Kg2 Kf8 36. Kf3 Ncd5 37. Nf4 Nxf4 38. Kxf4 Ke7 39.
Ke4 Nd5 40. h4 1/2-1/2

[Event "Pardubice Open A"]
[Site "?"]
[Date "2015.07.30"]
[Round "7.26"]
[White "YUFFA, Daniil"]
[Black "KUTYNEC, Vladimir"]
[Result "1-0"]
[WhiteElo "2474"]
[BlackElo "2310"]
[PlyCount "117"]
[EventDate "2015.??.??"]
[WhiteClock "0:36:14"]
[BlackClock "0:46:36"]

1. d4 Nf6 2. c4 e6 3. Nf3 d5 4. g3 dxc4 5. Bg2 Nc6 6. O-O Rb8 7. Nc3 b5 8. Ne5
Nxe5 9. dxe5 Nd7 10. Qc2 c5 11. a4 b4 12. Nb5 a6 13. Na7 Bb7 14. Nc6 Bxc6 15.
Bxc6 Qc7 16. Bxd7+ Qxd7 17. Qxc4 Qc6 18. Rd1 Be7 19. Qg4 g5 20. Be3 h5 21. Qc4
g4 22. b3 Rg8 23. Rac1 Rc8 24. Bf4 Rg6 25. Rc2 Kf8 26. Rdc1 Qb7 27. Bd2 Rd8 28.
Be3 Rd5 29. Rd2 h4 30. Qe4 h3 31. f3 gxf3 32. Qxf3 Bg5 33. Rxd5 exd5 34. Bxc5+
Kg7 35. Rd1 Rc6 36. Qg4 Rg6 37. Qf3 Rc6 38. Bd4 Qc8 39. e6+ f6 40. Qxd5 Kh6 41.
e7 Re6 42. Qf5 Qd7 43. Rd3 Rxe7 44. Qxd7 Rxd7 45. Bxf6 Rc7 46. Bxg5+ Kxg5 47.
Rd5+ Kf6 48. Kf2 Ke6 49. Rd3 Rf7+ 50. Rf3 Rg7 51. Ke3 Ke5 52. a5 Rc7 53. g4 Rc1
54. Kd2 Rg1 55. Rxh3 Rxg4 56. Rh5+ Kd4 57. Rh6 Rg2 58. Rxa6 Rxh2 59. Rc6 1-0

[Event "Pardubice Open A"]
[Site "?"]
[Date "2015.07.30"]
[Round "7.27"]
[White "NGUYEN, Thai Dai Van"]
[Black "NARAYANAN, Srinath"]
[Result "0-1"]
[WhiteElo "2349"]
[BlackElo "2464"]
[PlyCount "138"]
[EventDate "2015.??.??"]
[WhiteClock "0:03:45"]
[BlackClock "0:44:17"]

1. e4 e5 2. Nf3 Nc6 3. Bb5 a6 4. Ba4 Nf6 5. O-O Be7 6. d3 d6 7. c3 O-O 8. Nbd2
Nd7 9. Bc2 Nb6 10. Re1 f5 11. exf5 Bxf5 12. d4 exd4 13. Nxd4 Nxd4 14. cxd4 Qd7
15. Ne4 Kh8 16. Bg5 Bxe4 17. Bxe7 Bxc2 18. Qxc2 Rf7 19. Bh4 Raf8 20. Bg3 Nd5
21. Qe4 Qb5 22. Qc2 h6 23. a3 Nf4 24. Rad1 Nh5 25. Rd2 Qa5 26. Qc3 Qd5 27. Rde2
Qf5 28. Qc2 Qxc2 29. Rxc2 Nf6 30. Rce2 Nd5 31. f3 Kh7 32. Re4 a5 33. Kf2 a4 34.
Re8 b5 35. Kf1 Kg6 36. R1e6+ Nf6 37. Rxf8 Rxf8 38. Re7 Nd5 39. Re1 Rb8 40. Re2
b4 41. axb4 Rxb4 42. Bf2 Nb6 43. Be3 Kf7 44. Kf2 Nd5 45. Rc2 Ke6 46. h4 h5 47.
Ke2 Kd7 48. Kf2 g6 49. Ke2 Ne7 50. g4 Nd5 51. gxh5 gxh5 52. Kf2 Ne7 53. Kg3 Rb3
54. Bf2 Nd5 55. Rc4 Nb4 56. Be1 Nd3 57. Ba5 Nxb2 58. Rxc7+ Ke6 59. Rc1 a3 60.
Ra1 Nc4 61. Be1 Kf5 62. Ra2 Rb2 63. Ra1 a2 64. Bc3 Rc2 65. Bb4 d5 66. Be1 Nd6
67. Bf2 Nb5 68. Bg1 Nc3 69. Be3 Rb2 0-1

[Event "Pardubice Open A"]
[Site "?"]
[Date "2015.07.30"]
[Round "7.28"]
[White "VALSECCHI, Alessio"]
[Black "HEINEMANN, Josefine"]
[Result "1-0"]
[WhiteElo "2457"]
[BlackElo "2286"]
[PlyCount "69"]
[EventDate "2015.??.??"]
[WhiteClock "0:12:43"]
[BlackClock "0:42:10"]

1. e4 c5 2. c3 Nf6 3. e5 Nd5 4. Nf3 Nc6 5. Bc4 Nb6 6. Bb3 c4 7. Bc2 Qc7 8. Qe2
g5 9. Na3 Bg7 10. Nxc4 g4 11. Nxb6 axb6 12. Nh4 Qxe5 13. Nf5 Qxe2+ 14. Kxe2 Bf6
15. Ne3 e6 16. Nxg4 Be7 17. Ne3 d5 18. d4 Bd7 19. Re1 O-O-O 20. Kf1 Rdg8 21. b3
h5 22. Bb2 Bf6 23. Rad1 b5 24. Kg1 Ne7 25. Ba3 Ng6 26. Bd6 Bc6 27. c4 bxc4 28.
bxc4 dxc4 29. d5 exd5 30. Bf5+ Bd7 31. Rxd5 Be6 32. Nxc4 Nh4 33. Bxe6+ fxe6 34.
Nb6+ Kd8 35. Rxe6 1-0

[Event "Pardubice Open A"]
[Site "?"]
[Date "2015.07.30"]
[Round "7.29"]
[White "YAGUPOV, Igor"]
[Black "VOKAC, Marek"]
[Result "1/2-1/2"]
[WhiteElo "2342"]
[BlackElo "2453"]
[PlyCount "66"]
[EventDate "2015.??.??"]
[WhiteClock "0:02:08"]
[BlackClock "0:21:11"]

1. e4 e5 2. Nf3 Nc6 3. Bb5 a6 4. Ba4 d6 5. c3 Bd7 6. d4 g6 7. O-O Bg7 8. d5
Nce7 9. Bxd7+ Qxd7 10. c4 h6 11. Nc3 f5 12. exf5 gxf5 13. Nh4 Nf6 14. f4 e4 15.
Be3 c5 16. dxc6 bxc6 17. c5 d5 18. Bd4 h5 19. b4 Kf7 20. a4 Ng6 21. Nxg6 Kxg6
22. Rb1 Rab8 23. Qd2 Rhe8 24. Rfc1 Ng4 25. Ne2 e3 26. Qc3 Re4 27. b5 axb5 28.
axb5 Rxd4 29. Nxd4 Qe7 30. Qd3 Bxd4 31. Qxd4 Qh4 32. h3 Qf2+ 33. Kh1 Qg3
1/2-1/2